000 01279cam a2200349 a 4500
001 3031793
003 OSt
005 20260413125244.0
008 950112s1995 ctua b 001 0 eng
010 _a 95003807
020 _a031329335X
_qalk. paper
035 _a3031793
040 _aDLC
_cDLC
_dDLC
043 _ae-uk-en
_ae-uk---
050 0 0 _aDA320
_b.S56 1995
082 0 0 _a942.05/5
_220
100 1 _aForgeng, Jeffrey L.
245 1 0 _aDaily life in Elizabethan England /
_cJeffrey L. Singman.
260 _aWestport, Conn. :
_bGreenwood Press,
_c1995.
300 _axi, 227 p. :
_bill. ;
_c24 cm.
336 _atext
_btxt
_2rdacontent
337 _aunmediated
_bn
_2rdamedia
338 _avolume
_bnc
_2rdacarrier
440 0 _aGreenwood Press "Daily life through history" series,
_x1080-4749
504 _aIncludes bibliographical references (p. [215]-220) and index.
651 0 _aEngland
_xSocial life and customs
_y16th century.
651 0 _aGreat Britain
_xHistory
_yElizabeth, 1558-1603.
906 _a7
_bcbc
_corignew
_d1
_eocip
_f19
_gy-gencatlg
942 _2lcc
_cBK
999 _c266167
_d266166